study on the vulnerability and adaptation to the impact of climate change in cheung tuek commune, kompongleav district, preyveng province (ការសិក្សាពីភាពងាយរងគ្រោះនិងការបន្សំារបស់ប្រជាជន ទៅនឹង ការប្រែប្រួលអាកាសធាតុ នៅក្នុងឃុំជើងទឹក ស្រុកកំពង់លាវ ខេត្តព្រៃវែង) (Record no. 3506)

000 -LEADER
fixed length control field 00853nam a22001577a 4500
003 - CONTROL NUMBER IDENTIFIER
control field OSt
005 - DATE AND TIME OF LATEST TRANSACTION
control field 20230313170245.0
008 - FIXED-LENGTH DATA ELEMENTS--GENERAL INFORMATION
fixed length control field 151117b xxu||||| |||| 00| 0 eng d
040 ## - CATALOGING SOURCE
Transcribing agency RUA
082 ## - DEWEY DECIMAL CLASSIFICATION NUMBER
Classification number FOR
Edition number KHO 2013 B143 Or.1
100 ## - MAIN ENTRY--PERSONAL NAME
9 (RLIN) 3769
Personal name KHOEN, VANTHA.
245 ## - TITLE STATEMENT
Title study on the vulnerability and adaptation to the impact of climate change in cheung tuek commune, kompongleav district, preyveng province (ការសិក្សាពីភាពងាយរងគ្រោះនិងការបន្សំារបស់ប្រជាជន ទៅនឹង ការប្រែប្រួលអាកាសធាតុ នៅក្នុងឃុំជើងទឹក ស្រុកកំពង់លាវ ខេត្តព្រៃវែង)
260 ## - PUBLICATION, DISTRIBUTION, ETC. (IMPRINT)
Place of publication, distribution, etc. Phnom Penh
Name of publisher, distributor, etc. RUA
Date of publication, distribution, etc. 2013
300 ## - PHYSICAL DESCRIPTION
Extent x, 38p.
Other physical details ill.
Dimensions 29cm.
942 ## - ADDED ENTRY ELEMENTS (KOHA)
Source of classification or shelving scheme
Koha item type FOR
Holdings
Price effective from Date last seen Permanent Location Not for loan Date acquired Source of classification or shelving scheme Koha item type Lost status Withdrawn status Total Renewals Date last checked out Total Checkouts Shelving location Damaged status Barcode Current Location Full call number
2015-11-172022-01-21Library Block B 2015-11-17 FOR   2022-01-142B143 RUA028108Library Block BFOR KHO 2013 B143 Or.1
2015-11-172015-11-17Library Block B 2015-11-17 FOR     B143 RUA028721Library Block BFOR KHO 2013 B143 Or.2
2015-11-172016-08-26Library Block B 2015-11-17 FOR   2016-08-172B143 RUA028793Library Block BFOR KHO 2013 B143 Or.3
2015-11-172016-07-12Library Block B 2015-11-17 FOR   2016-06-291B136 RUA028142Library Block BFOR KHO 2013 B136 Or.4
2015-11-172015-11-17Library Block B 2015-11-17 FOR     B143 RUA028176Library Block BFOR KHO 2013 B143 Or.5
2015-11-172016-02-26Library Block B 2015-11-17 FOR   2016-02-151B143 RUA028991Library Block BFOR KHO 2013 B143 Or.6
2015-11-172024-07-22Library Block B 2015-11-17 FOR   2024-07-123B143 RUA028333Library Block BFOR KHO 2013 B143 Or.7
2015-11-172024-02-12Library Block B 2015-11-17 FOR  22024-01-102B143 RUA028274Library Block BFOR KHO 2013 B143 Or.8
មជ្ឈមណ្ឌលឯការនៃសាកលវិទ្យាល័យភូមិន្ទកសិកម្មចំការដូង

Powered by Koha